Percepce postindustriální krajiny Rosicko - Oslavanska posledních 20 let

Bibliographic Details
Main Author: Lněnička, Libor (Author)
Format: Article
Language:Czech
Subjects:

MARC

LEADER 00000nab a2200000Iu 4500
001 vtls011538631
003 SK-MaSNL
005 20260304225306.0
008 230218|2010 xo |||||||||||||||||cze|
015 |a SNBRB 
035 |a (urnnbn)urn:nbn:sk:snk:ar-a09ouf 
035 |a (uuid)fd153170-1667-42b1-b543-1080cf04be65 
035 |a urn:nbn:sk:snk-abexak 
040 |a SNKBUCL  |b slo  |c SNKBUCL  |e AACR2 
041 0 |a cze 
044 |a xo  |c SK 
080 |a 502.5  |2 2001 
080 |a 502/504  |2 2011 
080 |a 332  |2 2001 
080 |a 552.574  |2 2001 
100 1 |a Lněnička, Libor  |4 aut  |9 562704 
245 1 0 |a Percepce postindustriální krajiny Rosicko - Oslavanska posledních 20 let  |c Libor Lněnička 
504 |a Bibliografické odkazy 
650 0 7 |a životné prostredie  |2 SNKPH  |9 786 
650 0 7 |a regióny  |2 SNKPH  |9 2350 
650 0 7 |a krajina  |2 SNKPH  |9 15725 
650 0 7 |a uhlie  |2 SNKPH  |9 16426 
773 0 |t Geographia Cassoviensis  |g Roč. 4, č. 2 (2010), s. 84-90 
954 |a odborná, vedecká literatúra cudzojazyčná (svetová)  |2 lita 
958 |a NB 
958 |a OND 
958 |a EUIPO 
958 |a article22 
999 |c 3176722  |d 3178652